| 000 | 00505nam a2200169Ia 4500 | ||
|---|---|---|---|
| 003 | OSt | ||
| 005 | 20200625114325.0 | ||
| 008 | 190216s9999||||xx |||||||||||||| ||und|| | ||
| 020 | _a0861319141 | ||
| 040 | _coclc | ||
| 082 |
_a954.035092 _bAZA/I |
||
| 100 |
_a Azad, Maulana Abul Kalam _91842 |
||
| 245 | 0 |
_aIndia Wins Freedom / _cMaulana Abul Kalam Azad |
|
| 260 |
_bOrient Longman, _c1988. _aHyderbad: |
||
| 300 | _a283p | ||
| 942 |
_cBK _2ddc _h954.035092 _iAZA/I _k954.035092 _mAZA/I |
||
| 999 |
_c20095 _d20095 |
||